00654nam a2200241 a 4500001001300000003000900013005001700022008004100039020001000080082001300090100002100103245002400124260003500148300000800183500003500191505002800226650001600254700002100270902000800291942000700299952009300306999001300399nice12345678IN_TiNIC20260116011339.0050524s1930 laha grp 000 0 urd  ac10000a239bASH aAshiq Alah, Sain aMasihi Pocket Book. aLahorebHayat Khan Abeerc1930 a96p aincludes index and biblioraphy2 aHand Written Manuscript aApologetics1 aAshiq Alah, Sain bSRS cBK 00104070aHMIbHMId2007-06-21g100.00l0o239 ASHp4944r2007-06-21w2026-01-16yARB c718d718